Táctica de infantería aprobada por Real Órden de 5 de Julio de 1881 (Registro nro. 165980)

Detalles MARC
000 -LEADER
campo de control de longitud fija 00673nam a22001695i 4500
001 - NÚMERO DE CONTROL
campo de control 165980
003 - IDENTIFICADOR DE NÚMERO DE CONTROL
campo de control ES-MaACL
005 - FECHA Y HORA DE LA ÚLTIMA TRANSACCIÓN
campo de control 20230906213236.0
008 - DATOS DE LONGITUD FIJA--INFORMACIÓN GENERAL
campo de control de longitud fija 980605s1881 sp |||| | spa d
040 ## - FUENTE DE CATALOGACIÓN
Centro catalogador/agencia de origen CYL
Lengua de catalogación spa
Centro/agencia transcriptor CYL
245 00 - MENCIÓN DEL TÍTULO
Título Táctica de infantería aprobada por Real Órden de 5 de Julio de 1881
Resto del título : memoria general.
260 ## - PUBLICACIÓN, DISTRIBUCIÓN, ETC.
Lugar de publicación, distribución, etc. Madrid :
Nombre del editor, distribuidor, etc. Depósito de la Guerra,
Fecha de publicación, distribución, etc. 1881 (
Fabricante Imprenta y Litografía del mismo)
300 ## - DESCRIPCIÓN FÍSICA
Extensión 93 p. ;
Dimensiones 17 cm.
650 #4 - PUNTO DE ACCESO ADICIONAL DE MATERIA--TÉRMINO DE MATERIA
Término de materia o nombre geográfico como elemento de entrada Infantería-
Subdivisión general Táctica.
9 (RLIN) 156316
852 ## - LOCALIZACIÓN
Ubicación ES-MaACL
Número de control de estantería G-9941(2)
Nota libre -- Enc. hol., conservando la enc. original
-- -- Enc. en un vol. facticio
852 ## - LOCALIZACIÓN
Ubicación ES-MaACL
Número de control de estantería G-9282(1)
Nota libre -- Enc. tela roja con hierros
Existencias
Estatus retirado Estado de pérdida Estado de daño No para préstamo Colección Biblioteca de origen Biblioteca actual Ubicación en estantería Fecha de adquisición Fuente de adquisición Total de préstamos Signatura topográfica completa Código de barras Visto por última vez Precio de reemplazo Tipo de ítem Koha
        Libros del s. XIX Biblioteca del Ateneo de Madrid Biblioteca del Ateneo de Madrid Sala Pecera Planta 3 17/01/2008     G-9282(1) 1174068 23/02/2023 23/02/2023 Libro impreso antiguo
        Libros del s. XIX Biblioteca del Ateneo de Madrid Biblioteca del Ateneo de Madrid Sala Pecera Planta 3 17/01/2008     G-9941(2) 1174067 23/02/2023 23/02/2023 Libro impreso antiguo